U.S. Export-Import Bank : issues raised by recent market developments and foreign competition : statement of JayEtta Z. Hecker, Associate Director, National Security and International Affairs Division, before the Subcommittee on International Economic Policy and Trade, Committee on International Relations, House of Representatives /

Bibliographic Details
Main Author: Hecker, JayEtta Z.
Corporate Author: United States. General Accounting Office
Format: Government Document Microform Book
Language:English
Published: Washington, D.C. (P.O. Box 37050, Washington, D.C. 20013) : The Office, [1998]
Series:Testimony ; GAO/T-NSIAD-99-23.
Subjects:
Online Access:Adobe Acrobat Reader required

MARC

Tag First Indicator Second Indicator Subfields
LEADER 00000cam a2200000 a 4500
001 in00000005593
007 he bmb024bbca
008 990917s1998 dcu bb f000 0 eng c
005 20230331144254.0
035 |a (OCoLC)ocm42386816 
035 |9 AJK5425AM 
035 |a in00000005593 
037 |a 161276  |b GAO (202) 512-6000 (Voice); (202) 512-6061 (Fax)  |f paper copy 
040 |a GPO  |c GPO  |d DLC  |d MvI  |d UtOrBLW 
042 |a pcc 
043 |a n-us--- 
049 |a UMIC 
049 |a WWW 
074 |a 0546-D-01 (MF) 
074 |a 0546-D-01 (online) 
086 0 |a GA 1.5/2:T-NSIAD-99-23 
100 1 |a Hecker, JayEtta Z. 
245 1 0 |a U.S. Export-Import Bank :  |b issues raised by recent market developments and foreign competition : statement of JayEtta Z. Hecker, Associate Director, National Security and International Affairs Division, before the Subcommittee on International Economic Policy and Trade, Committee on International Relations, House of Representatives /  |c United States General Accounting Office. 
246 3 |a US Export-Import Bank 
246 2 |a US Export Import Bank 
246 3 0 |a Issues raised by recent market developments and foreign competition 
264 1 |a Washington, D.C. (P.O. Box 37050, Washington, D.C. 20013) :  |b The Office,  |c [1998] 
300 |a 20 pages ;  |c 28 cm. 
336 |a text  |b txt  |2 rdacontent 
337 |a microform  |b h  |2 rdamedia 
338 |a microfiche  |b he  |2 rdacarrier 
490 1 |a Testimony ;  |v GAO/T-NSIAD-99-23 
500 |a Cover title. 
500 |a Shipping list number: 99-0826-M. 
500 |a "For release ... October 7, 1998." 
500 |a "October 7, 1998." 
504 |a Includes bibliographical references. 
533 |a Microfiche.  |b [Washington, D.C.] :  |c U.S. General Accounting Office,  |d [1999?]  |e 1 microfiche : negative. 
530 |a Also available via Internet from the GPO Access web site. Address as of 01/08/02: http://frwebgate.access.gpo.gov/cgi-bin/getdoc.cgi?dbname=gao&docid=f:ns99023t.pdf; current access is available via PURL. 
500 |a Microform. 
610 2 0 |a Export-Import Bank of the United States. 
650 0 |a Exports  |z United States  |x Finance  |x Costs. 
650 0 |a Exports  |z Group of Seven countries  |x Finance. 
710 1 |a United States.  |b General Accounting Office. 
830 0 |a Testimony ;  |v GAO/T-NSIAD-99-23. 
856 4 1 |u https://purl.fdlp.gov/GPO/LPS16709  |z Adobe Acrobat Reader required  |t 0 
999 |a MARS 
999 f f |i a7e96378-f0d9-3f61-a955-f7d20a47d633  |s 4a8e07ab-98c9-38e0-a6c0-5f54cd93b0f6  |t 0 
952 f f |p normal  |a Texas A&M University  |b College Station  |c Sterling C. Evans Library  |d Evans: US Documents Microfiche (3rd floor)  |t 0  |e GA 1.5/2:T-NSIAD-99-23  |h Superintendent of Documents classification  |i microform -- microfiche  |m A14824287435 
952 f f |a Texas A&M University  |b College Station  |c Electronic Resources  |d Available Online  |t 0  |e GA 1.5/2:T-NSIAD-99-23  |h Superintendent of Documents classification 
998 f f |a GA 1.5/2:T-NSIAD-99-23  |t 0  |l Available Online 
998 f f |a GA 1.5/2:T-NSIAD-99-23  |t 0  |l Evans: US Documents Microfiche (3rd floor)